Башкирско-русский словарь терминов ткачества и рукоделия (Запись № 9787564)
[ простой вид ]
| 000 -МАРКЕР | |
|---|---|
| контрольное поле | 02468nam0a2200433 i 4500 |
| 001 - ИДЕНТИФИКАТОР ЗАПИСИ | |
| контрольное поле | RU\NLR\BIBL_A\010713926 |
| 005 - ИДЕНТИФИКАТОР ВЕРСИИ | |
| контрольное поле | 20241213005614.0 |
| 010 ## - МЕЖДУНАРОДНЫЙ СТАНДАРТНЫЙ НОМЕР КНИГИ (ISBN) | |
| Номер (ISBN) | 978-5-91608-110-7 |
| Тираж | 500 |
| 021 ## - НОМЕР ГОСУДАРСТВЕННОЙ РЕГИСТРАЦИИ | |
| Код страны | Российская Федерация |
| Номер | 2015-8837 |
| Номер Листа государственной регистраци | 550 |
| 035 ## - ДРУГИЕ СИСТЕМНЫЕ НОМЕРА | |
| Идентификатор записи | (NILC)RuMoRGB-007868595 |
| 035 ## - ДРУГИЕ СИСТЕМНЫЕ НОМЕРА | |
| Идентификатор записи | (NLR Aleph) 010713926 |
| 100 ## - ДАННЫЕ ОБЩЕЙ ОБРАБОТКИ | |
| Данные общей обработки | 20150403d2013 k y0rusy50 ca |
| 101 0# - ЯЗЫК РЕСУРСА | |
| Язык текста, звукозаписи и т.д. | башкирский |
| -- | русский |
| 102 ## - СТРАНА ПУБЛИКАЦИИ ИЛИ ПРОИЗВОДСТВА | |
| Страна публикации | Российская Федерация |
| 105 ## - ПОЛЕ КОДИРОВАННЫХ ДАННЫХ: ТЕКСТОВЫЕ МАТЕРИАЛЫ, МОНОГРАФИЧЕСКИЕ | |
| Кодированные данные о монографическом текстовом документе | y|||e|||000yy |
| 200 1# - ЗАГЛАВИЕ И СВЕДЕНИЯ ОБ ОТВЕТСТВЕННОСТИ | |
| Основное заглавие | Башкирско-русский словарь терминов ткачества и рукоделия |
| Параллельное заглавие | Башкортса-урыçса тукыусылык һәм кул әштәре терминдары һүзлеге |
| Сведения, относящиеся к заглавию | лексика материальной и духовной культуры |
| -- | [около 2700 терминов] |
| Первые сведения об ответственности | Р.Н. Каримова |
| Последующие сведения об ответственности | Рос. акад. наук, уфим. науч. центр, Ин-т истории, яз. и лит. |
| Язык параллельного заглавия | башкирский |
| 210 ## - ПУБЛИКАЦИЯ, РАСПРОСТРАНЕНИЕ И ДР. | |
| Место издания, распространения и т.д. | Уфа |
| Имя издателя, распространителя и т. д. | [б. и.] |
| Дата издания, распространения и т.д. | 2013 |
| 215 ## - ФИЗИЧЕСКАЯ ХАРАКТЕРИСТИКА | |
| Специфическое обозначение материала и объем | 121 с. |
| Размеры | 20 |
| 300 ## - ОБЩИЕ ПРИМЕЧАНИЯ | |
| Текст примечания | Авт. также на башк. яз.: Р.Н. Кәримова |
| 510 1# - ПАРАЛЛЕЛЬНОЕ ЗАГЛАВИЕ | |
| Связь между полями | z33790 |
| Параллельное заглавие | Башкортса-урыçса тукыусылык һәм кул әштәре терминдары һүзлеге |
| Язык заглавия | башкирский |
| 606 1# - НАИМЕНОВАНИЕ ТЕМЫ КАК ПРЕДМЕТ | |
| Наименование темы | Башкирский язык |
| Тематический подзаголовок | Терминология ткачества |
| -- | Словари |
| -- | Русский язык |
| Системный номер авторитетной/нормативной записи | 2234645 |
| Идентификатор авторитетной/нормативной записи | RU\NLR\AUTH\6601573190 |
| 606 1# - НАИМЕНОВАНИЕ ТЕМЫ КАК ПРЕДМЕТ | |
| Наименование темы | Башкирский язык |
| Тематический подзаголовок | Терминология рукоделия |
| -- | Словари |
| -- | Русский язык |
| Системный номер авторитетной/нормативной записи | 2234643 |
| Идентификатор авторитетной/нормативной записи | RU\NLR\AUTH\6601573189 |
| 606 1# - НАИМЕНОВАНИЕ ТЕМЫ КАК ПРЕДМЕТ | |
| Наименование темы | Рукоделие |
| Формальный подзаголовок | Терминологические словари |
| Системный номер авторитетной/нормативной записи | 1538148 |
| Идентификатор авторитетной/нормативной записи | RU\NLR\AUTH\66971683 |
| 606 1# - НАИМЕНОВАНИЕ ТЕМЫ КАК ПРЕДМЕТ | |
| Наименование темы | Ткацкое производство |
| Формальный подзаголовок | Терминологические словари |
| Системный номер авторитетной/нормативной записи | 1096471 |
| Идентификатор авторитетной/нормативной записи | RU\NLR\AUTH\66111635 |
| 686 1# - ИНДЕКСЫ ДРУГИХ КЛАССИФИКАЦИЙ | |
| Индекс | М48я212.2 |
| 686 1# - ИНДЕКСЫ ДРУГИХ КЛАССИФИКАЦИЙ | |
| Индекс | М304я212.2 |
| 686 1# - ИНДЕКСЫ ДРУГИХ КЛАССИФИКАЦИЙ | |
| Индекс | Ш163.22-434.1 |
| 686 1# - ИНДЕКСЫ ДРУГИХ КЛАССИФИКАЦИЙ | |
| Индекс | Ш141.12-434.2 |
| 700 #1 - ИМЯ ЛИЦА - ПЕРВИЧНАЯ ОТВЕТСТВЕННОСТЬ | |
| Начальный элемент ввода | Каримова |
| Часть имени, кроме начального элемента ввода | Р. Н. |
| Расширение инициалов личного имени | Рамиля Нигматьяновна |
| Системный номер авторитетной/нормативной записи | 144260 |
| Идентификатор авторитетной/нормативной записи | RU\NLR\AUTH\770144296 |
| 790 #1 - ИМЯ ЛИЦА - АЛЬТЕРНАТИВНАЯ ФОРМА | |
| Графика поля | Кириллица |
| Материалы, к которым относится поле | bak |
| Начальный элемент ввода | Кәримова |
| Часть имени, кроме начального элемента ввода | Р. Н. |
| Расширение инициалов личного имени | Рәмилә Ниғәмәтйән кызы |
| Системный номер авторитетной/нормативной записи | 144265 |
| Идентификатор авторитетной/нормативной записи | RU\NLR\AUTH\770144301 |
| 801 #0 - ИСТОЧНИК ЗАПИСИ | |
| Страна | Российская Федерация |
| Организация | РГБ |
| Дата составления | 20150216 |
| Правила каталогизации | RCR |
| 801 #1 - ИСТОЧНИК ЗАПИСИ | |
| Страна | Российская Федерация |
| Организация | РГБ |
| Дата составления | 20150216 |
| Источник данных | rusmarc |
| 852 ## - МЕСТОНАХОЖДЕНИЕ И ШИФР ХРАНЕНИЯ | |
| Идентификатор организации | NLR |
| Наименование фонда или коллекции (Sub-Location Identifier) | ОНЛ |
| Шифр хранения (Call Number) | Башк./2-4973 |
| 942 ## - ДОПОЛНИТЕЛЬНЫЕ ЭЛЕМЕНТЫ ЗАПИСИ (АБИС) | |
| Тип экземпляра АБИС | Книга |
| 980 ## - КОЛЛЕКЦИЯ | |
| Название коллекции | НБР |
Нет доступных экземпляров.